| 000 | 00489nam a22001817a 4500 | ||
|---|---|---|---|
| 005 | 20251108164403.0 | ||
| 008 | 250721s2000 xx 000 0 ara d | ||
| 082 | 1 | 4 | _a301/شاع |
| 100 | 1 | _aالشاعر، عبد المجيد | |
| 245 | 1 | 0 | _aعلم الإجتماع الطبي / |
| 264 | _c2000. | ||
| 300 | _a172ص | ||
| 650 | 1 | 7 | _aعلم الإجتماع الطبي |
| 700 | 1 | _aأبو الرب، يوسف | |
| 700 | 1 | _aقطاش، رشدي | |
| 942 |
_2ddc _cBK |
||
| 999 |
_c10916 _d10916 |
||